| 000 | 00708nam a2200265Ia 4500 | ||
|---|---|---|---|
| 001 | Para_4868 | ||
| 003 | CHAP | ||
| 008 | 220125s1929 xx 000 0 und d | ||
| 010 | _a203309 | ||
| 040 | _cCHAP | ||
| 090 | _aPA FOLLETO 2303 | ||
| 100 |
_aRichmond, R. G. _997299 |
||
| 245 |
_aApiary inspection / _c R. G. Richmond |
||
| 260 |
_aFort Collins : _b Colorado Agricultural College |
||
| 300 | _a7 p. | ||
| 440 |
_aColorado State Entomologist Circular; 55 _9169037 |
||
| 650 |
_aColmenas _925339 |
||
| 901 | _aPA FOLLETO 2303 | ||
| 902 | _aA | ||
| 905 | _a0000001929 FOR 0000000000 00 | ||
| 910 | _a1929 | ||
| 942 | _cPARA | ||
| 942 |
_cPARA _d1 |
||
| 999 |
_c203309 _d203309 |
||